Villes de Provence-Alpes-Côte-d'Azur - Carte Quiz - Statistiques

Statistiques générales
  • Ce quiz a été pris 51 155 fois
  • Le résultat moyen est 7 sur 12
Réponses sur la Carte
Les réponses sont colorées sur une échelle allant du rouge au vert en fonction du pourcentage des utilisateurs qui les ont devinées à leur premier essai. Vous pouvez retrouver ces pourcentages ci-dessous.
 
Statistiques - réponses
Réponse % Correct
Nice
83%
Marseille
81%
Toulon
64%
Avignon
63%
Saint-Tropez
63%
Cannes
61%
Arles
53%
Gap
53%
Digne-les-Bains
44%
Briançon
43%
Manosque
36%
Carpentras
31%
Aucun quiz correspondant
Distribution des résultats
% des personnes avec chaque résultat
Percentile par nombre de réponses
Votre historique - résultats
Vous n’avez pas pris ce quiz